Guess The Film Quotes - Statistics

General Stats
  • This quiz has been taken 2,182 times
  • The average score is 19 of 39
Answer Stats
Hint Answer % Correct
I AM YOUR FATHER! Star Wars
96%
My Precious! Lord Of The Rings
84%
Mama always said life was like a box of chocolates. Forrest Gump
77%
Here's Johnny! The Shining
76%
Hasta la vista, baby! The Terminator
76%
I'm the king of the world Titanic
75%
A martini, shaken not stirred James Bond
73%
I see dead people The Sixth Sense
73%
It's Leviosa, not Leviosarrrr, honestly she's a nightmare! Harry Potter and The Philosopher's Stone
70%
Houston, we have a problem Apollo 13
69%
It's Alive! It's Alive! Frankenstein
68%
You’re gonna need a bigger boat Jaws
68%
Nobody puts Baby in a corner Dirty Dancing
64%
Dude, Where's My Car? Dude, Where's My Car
61%
P. Sherman; 42 Wallaby Way, Sydney! Finding Nemo
58%
Oh no - I've lost my mojo! Austin Powers Series
56%
I’ll get you, my pretty, and your little dog too! The Wizard Of Oz
55%
Call me Stifler's mom...Finchy American Pie
54%
I just wanna be a real boy! Pinocchio
54%
I feel the need - the need for speed Top Gun
53%
Chunk - Do the truffle shuffle! The Goonies
52%
Frankly, my dear, I don't give a damn Gone With The Wind
51%
I am serious...and don't call me Shirley Airplane
49%
Oh no, it wasn't airplanes - it was beauty that killed the beast. King Kong
49%
Mrs. Robinson, you're trying to seduce me, aren't you? The Graduate
44%
A boy's bestfriend is his mother Psycho
43%
May the power of Christ compel you. The Exorcist
40%
Carpe diem. Seize the day, boys. Make your lives extraordinary Dead Poets Society
38%
Why don't you make like a tree...and get outta here. Back To The Future
30%
I’ma get medieval on your ass Pulp Fiction
25%
I'm not bad, I'm just drawn that way Who Framed Roger Rabbit?
25%
You maniacs. You blew it up. Damn you! God damn you all to hell. Planet Of The Apes
23%
You're a smelly pirate hooker! Anchorman
21%
Do you understand the words that are coming out of my mouth? Rush Hour
21%
Alligators are 'ornery cos they get all them teeth but no toothbrush The Waterboy
21%
I could’ve been somebody instead of a bum, which is what I am On The Waterfront
17%
Does Barry Manilow know you raid his wardrobe? The Breakfast Club
13%
Snap Out Of It Moonstruck
8%
I gave her my heart and she gave me a pen. Say Anything
5%
No matching quizzes found
Score Distribution
Percent of People with Each Score
Percentile by Number Answered
Your Score History
You have not taken this quiz